Country Music Hall of Fame Inductees - Statistics

General Stats
  • This quiz has been taken 114 times
  • The average score is 52 of 152
Answer Stats
Year Answer % Correct
1999 Dolly Parton
91%
1961 Hank Williams
91%
2020 Hank Williams, Jr.
91%
1993 Willie Nelson
87%
2012 Garth Brooks
85%
1980 Johnny Cash
83%
2006 George Strait
77%
2001 Waylon Jennings
77%
2010 Don Williams
74%
1992 George Jones
74%
2013 Kenny Rogers
74%
2017 Alan Jackson
72%
1978 Grandpa Jones
70%
1961 Jimmie Rodgers
70%
2001 Ken Nelson
70%
1994 Merle Haggard
70%
2011 Reba McEntire
70%
2004 Kris Kristofferson
68%
1988 Roy Rogers
66%
1998 Elvis Presley
62%
2000 Charley Pride
60%
1973 Patsy Cline
60%
2005 Alabama
57%
2019 Brooks & Dunn
55%
2003 Carl Smith
55%
2012 Connie Smith
55%
1988 Loretta Lynn
55%
2016 Randy Travis
55%
1998 Tammy Wynette
55%
1999 Conway Twitty
53%
2001 Bill Anderson
51%
2022 Jerry Lee Lewis
49%
1970 Carter Family
47%
2005 Glen Campbell
47%
2012 Hargus "Pig" Robbins
47%
1982 Marty Robbins
47%
1977 Merle Travis
47%
2021 Ray Charles
47%
1962 Roy Acuff
47%
2016 Charlie Daniels
45%
2008 Statler Brothers
45%
1997 Brenda Lee
43%
2007 Vince Gill
43%
1996 Buck Owens
40%
1965 Ernest Tubb
40%
2001 Everly Brothers
40%
2021 The Judds
40%
1979 Hank Snow
38%
1976 Kitty Wells
38%
2020 Marty Stuart
38%
2015 Oak Ridge Boys
38%
2002 Porter Wagoner
38%
1995 Roger Miller
38%
2009 Roy Clark
38%
1996 Ray Price
36%
2009 Barbara Mandrell
34%
1968 Bob Wills
34%
2022 Keith Whitley
34%
1984 Ralph Peer
34%
2023 Tanya Tucker
34%
2008 Tom T. Hall
34%
2018 Dottie West
32%
2008 Emmylou Harris
32%
1969 Gene Autry
32%
2023 Patty Loveless
32%
2014 Ronnie Milsap
32%
1970 Bill Monroe
30%
1973 Chet Atkins
30%
2000 Faron Young
30%
1967 Jim Reeves
30%
1983 Little Jimmy Dickens
30%
2007 Mel Tillis
30%
2018 Ricky Skaggs
30%
1990 Tennessee Ernie Ford
30%
1997 Cindy Walker
28%
2001 Don Gibson
28%
1998 George Morgan
28%
2006 Harold Bradley
28%
2019 Jerry Bradley
28%
2010 Jimmy Dean
28%
1975 Minnie Pearl
28%
1974 Owen Bradley
28%
1980 Connie B. Gay
26%
2017 Jerry Reed
26%
2015 Jim Ed Brown and The Browns
26%
1982 Lefty Frizzell
26%
2001 Louvin Brothers
26%
1974 Pee Wee King
26%
2013 Bobby Bare
23%
1989 Cliffie Stone
23%
2020 Dean Dillon
23%
2005 Deford Bailey
23%
1966 Eddy Arnold
23%
2015 Grady Martin
23%
1989 Hank Thompson
23%
2006 Sonny James
23%
1980 Sons of the Pioneers
23%
2023 Bob McDill
21%
2009 Charlie McCoy
21%
2001 Delmore Brothers
21%
2021 Eddie Bayers
21%
1985 Flatt and Scruggs
21%
1961 Fred Rose
21%
1981 Grant Turner
21%
2022 Joe Galante
21%
2021 Pete Drake
21%
2001 Webb Pierce
21%
1986 Wesley Rose
21%
2001 Don Law
19%
2017 Don Schlitz
19%
2003 Floyd Cramer
19%
1972 Jimmie Davis
19%
2001 Jordanaires
19%
2019 Ray Stevens
19%
1964 Tex Ritter
19%
2008 Ernest V. "Pop" Stoneman
17%
1966 George D. Hay
17%
2014 Hank Cochran
17%
2011 Jean Shepard
17%
2018 Johnny Gimble
17%
2010 Ferlin Husky
15%
2001 Homer and Jethro
15%
2004 Jim Foglesong
15%
1996 Patsy Montana
15%
1967 Stephen Sholes
15%
1966 Uncle Dave Macon
15%
2010 Billy Sherrill
13%
2011 Bobby Braddock
13%
2013 Cowboy Jack Clement
13%
1986 Duke of Paducah
13%
1992 Frances Preston
13%
2016 Fred Foster
13%
1997 Harlan Howard
13%
1979 Hubert Long
13%
1999 Johnny Bond
13%
1967 Joseph Frank
13%
2007 Ralph Emery
13%
1967 Red Foley
13%
1991 Boudleaux and Felice Bryant
11%
1998 E. W. "Bud" Wendell
11%
2014 Mac Wiseman
11%
1982 Roy Horton
11%
2001 Sam Phillips
11%
2002 Bill Carlisle
9%
1971 Arthur E. Satherley
6%
1984 Floyd Tillman
6%
1989 Jack Stapp
6%
1966 Jim Denny
6%
1995 Jo Walker-Meador
6%
1976 Paul Cohen
6%
1987 Rod Brasfield
6%
1981 Vernon Dalhart
6%
No matching quizzes found
Score Distribution
Percent of People with Each Score
Percentile by Number Answered
Your Score History
You have not taken this quiz